Statistiken für Längste internationale Grenzen

Klicken Sie hier um das Quiz zu spielen!

Allgemein

  • Dieses Quiz wurde 4,394 mal gespielt
  • Das Durchschnittsergebnis liegt bei 21 aus 26

Antwortstatistiken

Land % Correct
Russland
100%
China
100%
Kanada
99%
Vereinigte Staaten
99%
Mongolei
96%
Mexiko
96%
Indien
96%
Argentinien
95%
Brasilien
95%
Chile
95%
Kasachstan
94%
Pakistan
91%
Afghanistan
84%
Bolivien
82%
Kolumbien
81%
Venezuela
80%
Usbekistan
76%
Dem. Rep. Kongo
75%
Republik Kongo
75%
Bangladesch
71%
Myanmar
60%
Vietnam
58%
Laos
54%
Angola
52%
Mali
49%
Mauretanien
45%

Verteilung der Resultate

Perzentil nach korrekt beantworteten Fragen

Anzahl Personen mit jedem Resultat

Ihre Resultats-Entwicklung

Sie haben dieses Quiz noch nicht gespielt